[Event "World Blitz Women 2016"]
[Site "Doha QAT"]
[Date "2016.12.29"]
[Round "6.3"]
[White "Lagno, Kateryna"]
[Black "Abdumalik, Zhansaya"]
[Result "1-0"]
[WhiteTitle "GM"]
[BlackTitle "WGM"]
[WhiteElo "2530"]
[BlackElo "2405"]
[WhiteFideId "14109336"]
[BlackFideId "13703544"]
[EventDate "2016.12.29"]

1. e4 e5 2. Nf3 Nc6 3. Bb5 Nf6 4. d3 Bc5 5. c3 d6 6. O-O a6 7. Ba4 O-O 8. h3 Ne7
9. d4 exd4 10. cxd4 Bb6 11. Nc3 Ng6 12. e5 dxe5 13. dxe5 Qxd1 14. Rxd1 Nh5 15.
Nd5 Be6 16. Nxb6 cxb6 17. Be3 b5 18. Bc2 Nhf4 19. Be4 Rac8 20. Rd2 Rc7 21. Bb6
Rc4 22. Bxb7 Rb8 23. Rd8+ Rxd8 24. Bxd8 Nd3 25. Bxa6 Ndxe5 26. Nxe5 Nxe5 27.
Bxb5 Rb4 28. a4 Rxb2 29. Bf1 f6 30. a5 Bd5 31. a6 Kf7 32. a7 Ba8 33. Rc1 Rb7 34.
Rc7+ Rxc7 35. Bxc7 Nc6 36. Bb6 Ke6 37. g3 Kd7 38. Bg2 Kc8 39. Be3 Kb7 40. h4 Ka6
41. Be4 g6 42. Bd5 Bb7 43. Bc4+ Ka5 44. Bg8 h5 45. Bf7 Ne5 46. Be8 Kb4 47. f4
Ng4 48. Bf2 Be4 49. Bxg6 Bc6 50. Bxh5 Nxf2 51. Kxf2 1-0

[Event "World Blitz Women 2016"]
[Site "Doha QAT"]
[Date "2016.12.29"]
[Round "6.4"]
[White "Zhao, Xue"]
[Black "Ju, Wenjun"]
[Result "0-1"]
[WhiteTitle "GM"]
[BlackTitle "GM"]
[WhiteElo "2504"]
[BlackElo "2579"]
[WhiteFideId "8601283"]
[BlackFideId "8603006"]
[EventDate "2016.12.29"]

1. d4 Nf6 2. Nf3 d5 3. Bf4 c5 4. e3 Nc6 5. Nbd2 e6 6. c3 cxd4 7. exd4 Nh5 8. Bg3
Be7 9. Bd3 g6 10. O-O O-O 11. Re1 Bd7 12. Qe2 Nxg3 13. hxg3 Bd6 14. Nf1 Qe7 15.
Ne3 Rae8 16. Ng4 f6 17. Ne3 Qf7 18. Rad1 Kh8 19. Bc2 a6 20. g4 e5 21. dxe5 Nxe5
22. Nxe5 Rxe5 23. Bb3 Bc6 24. Qd3 Qe6 25. c4 Qe7 26. cxd5 Bd7 27. Rf1 b5 28. Rc1
Re4 29. Bc2 Re5 30. Bb3 Re8 31. a3 Qg7 32. g3 Qh6 33. Rfe1 Bxg4 34. Rc6 Bf3 0-1

[Event "World Blitz Women 2016"]
[Site "Doha QAT"]
[Date "2016.12.29"]
[Round "6.5"]
[White "Batsiashvili, Nino"]
[Black "Koneru, Humpy"]
[Result "0-1"]
[WhiteTitle "IM"]
[BlackTitle "GM"]
[WhiteElo "2482"]
[BlackElo "2557"]
[WhiteFideId "13602993"]
[BlackFideId "5008123"]
[EventDate "2016.12.29"]

1. d4 Nf6 2. Bf4 d5 3. e3 c5 4. Nc3 a6 5. dxc5 Nc6 6. Nf3 e6 7. Na4 Bxc5 8. Nxc5
Qa5+ 9. c3 Qxc5 10. Bd3 O-O 11. O-O h6 12. Ne5 Qe7 13. Qe2 Nxe5 14. Bxe5 Bd7 15.
Rfd1 Bc6 16. c4 Rfd8 17. Rac1 Nd7 18. Bc3 dxc4 19. Bxc4 Nb6 20. Qg4 Rxd1+ 21.
Rxd1 Qg5 22. Qxg5 hxg5 23. Be2 Nd5 24. Bd4 f6 25. g3 Kf7 26. e4 Ne7 27. f3 Rd8
28. Bb6 Rxd1+ 29. Bxd1 g4 30. fxg4 Bxe4 31. Kf2 Nc6 32. h4 Nb4 33. Ke3 Bc6 34.
Bb3 Bd5 35. a3 Bxb3 36. axb4 Kg6 37. Bc7 Bd1 38. g5 fxg5 39. hxg5 Kxg5 40. Be5
g6 41. Bc7 Kf5 42. Bd6 Bb3 43. Bc7 Bd5 44. Bd6 Bc6 45. Bc7 e5 46. Bd6 Ke6 47.
Bb8 Kd5 48. Bc7 e4 49. Bb8 Kc4 50. Bd6 Kb3 51. Bc5 Kxb2 52. Kd2 Kb3 53. Bd6 Kc4
54. Be7 Kd4 55. Bf6+ Kc4 56. Be7 b6 57. Bd6 Kb3 58. Be7 a5 59. bxa5 bxa5 60. Bd6
a4 61. Bc5 a3 62. Bd4 Ka2 63. Kc1 Bb5 64. Bc5 Kb3 65. Kd2 Kb2 66. Bb6 a2 67.
Bd4+ Kb1 0-1

[Event "World Blitz Women 2016"]
[Site "Doha QAT"]
[Date "2016.12.29"]
[Round "6.6"]
[White "Arabidze, Meri"]
[Black "Saduakassova, Dinara"]
[Result "1-0"]
[WhiteTitle "IM"]
[BlackTitle "WGM"]
[WhiteElo "2379"]
[BlackElo "2428"]
[WhiteFideId "13604040"]
[BlackFideId "13700090"]
[EventDate "2016.12.29"]

1. d4 Nf6 2. c4 e6 3. Nf3 c5 4. d5 d6 5. Nc3 exd5 6. cxd5 g6 7. Bf4 Bg7 8. Qa4+
Bd7 9. Qb3 Qc7 10. e4 O-O 11. Be2 a6 12. a4 Nh5 13. Be3 f5 14. exf5 Bxf5 15. O-O
Nd7 16. Ng5 Ne5 17. Ne6 Bxe6 18. dxe6 c4 19. Qa2 Nf6 20. f4 Neg4 21. Bd4 Rac8
22. Bf3 Nh6 23. Rad1 Nf5 24. Bf2 Qe7 25. g4 Nh6 26. g5 Qxe6 27. gxh6 Bxh6 28.
Nd5 Bg7 29. Rfe1 Qh3 30. Bg2 Qg4 31. h3 Qd7 32. Ne7+ Kh8 33. Nxc8 Rxc8 34. Qa3
d5 35. Bd4 Qf5 36. Qc3 Kg8 37. Re7 Re8 38. Rxe8+ Nxe8 39. Bxg7 Nxg7 40. Bxd5+
Kh8 41. Qxc4 Qxh3 42. Qd3 Qg4+ 43. Bg2 h5 44. Qf3 Qf5 45. Qxb7 Qxf4 46. Qf3 Qb4
47. b3 Nf5 48. Rd8+ Kg7 49. Qb7+ Kh6 50. Qxb4 1-0

[Event "World Blitz Women 2016"]
[Site "Doha QAT"]
[Date "2016.12.29"]
[Round "6.8"]
[White "Gunina, Valentina"]
[Black "Zhu, Chen"]
[Result "1/2-1/2"]
[WhiteTitle "GM"]
[BlackTitle "GM"]
[WhiteElo "2525"]
[BlackElo "2419"]
[WhiteFideId "4167570"]
[BlackFideId "8600546"]
[EventDate "2016.12.29"]

1. d4 Nf6 2. c4 e6 3. Nf3 d5 4. g3 Bb4+ 5. Bd2 Be7 6. Bg2 O-O 7. O-O c6 8. Qc2
b6 9. Bf4 Nbd7 10. cxd5 cxd5 11. Nc3 Bb7 12. Rac1 Rc8 13. Qb3 Ne4 14. Nb5 a6 15.
Nc3 b5 16. Nd2 Nxc3 17. Rxc3 Rxc3 18. Qxc3 Qb6 19. Qd3 Rc8 20. e4 dxe4 21. Nxe4
Nf6 22. Rd1 h6 23. h4 Nxe4 24. Bxe4 Bxe4 25. Qxe4 Bf6 26. b3 Rd8 27. d5 exd5 28.
Rxd5 Rxd5 29. Qxd5 Bd4 30. Qf3 Qa7 31. Kg2 Qb6 32. Qa8+ Kh7 33. Qe4+ Kg8 34.
Qe8+ Kh7 35. Qxf7 Qc6+ 36. f3 Qc2+ 37. Kh3 Qc8+ 38. g4 Qc3 39. Qf5+ Kg8 40. Qd5+
Kh7 41. g5 hxg5 42. hxg5 Qd3 43. Qe4+ Qxe4 44. fxe4 Kg6 45. Kg4 Kf7 46. Kf3 g6
47. Ke2 Ke6 48. Kd3 Bc5 49. Be3 Bd6 50. Bd4 Bf4 51. Bf6 Bd6 52. Kd4 Ba3 53. Kc3
Bc5 54. a4 Kd7 55. Kd3 Ke6 56. axb5 axb5 57. Bd4 Be7 58. Be3 Bd8 59. Kc3 Be7 60.
Kd4 Bd6 61. Bd2 Be7 62. Bf4 Bb4 63. Bc7 Be7 64. Bg3 Bb4 65. Bf4 Be7 66. Kc3 Bc5
67. Kd3 Be7 68. Bd2 Bc5 69. Kc3 Ke5 70. Kd3 Ke6 71. b4 Bd6 72. Kd4 Be7 73. Kd3
Bd6 74. Kd4 1/2-1/2

[Event "World Blitz Women 2016"]
[Site "Doha QAT"]
[Date "2016.12.29"]
[Round "6.9"]
[White "Goryachkina, Aleksandra"]
[Black "Pham, Le Thao Nguyen"]
[Result "1-0"]
[WhiteTitle "WGM"]
[BlackTitle "IM"]
[WhiteElo "2466"]
[BlackElo "2351"]
[WhiteFideId "4147103"]
[BlackFideId "12401226"]
[EventDate "2016.12.29"]

1. d4 Nf6 2. c4 e6 3. g3 d5 4. Bg2 Bb4+ 5. Nd2 O-O 6. Nf3 c6 7. O-O Nbd7 8. Qc2
b6 9. e4 Bb7 10. a3 Be7 11. cxd5 cxd5 12. e5 Ne8 13. Re1 Qc8 14. Qd1 Ba6 15. Nf1
Nc7 16. h4 Qb7 17. h5 Rfc8 18. h6 g6 19. Ne3 Qc6 20. Bd2 Bd3 21. Bb4 Bxb4 22.
axb4 Be4 23. Qd2 a5 24. Ng4 Ne8 25. Ng5 Bf5 26. Ne3 Qb5 27. bxa5 Rxa5 28. Nxf5
exf5 29. Rxa5 Qxa5 30. Qxa5 bxa5 31. Bxd5 Rb8 32. Bxf7+ Kf8 33. e6 Ndf6 34. e7# 1-0

[Event "World Blitz Women 2016"]
[Site "Doha QAT"]
[Date "2016.12.29"]
[Round "6.10"]
[White "Javakhishvili, Lela"]
[Black "Gvetadze, Sofio"]
[Result "1-0"]
[WhiteTitle "IM"]
[BlackTitle "IM"]
[WhiteElo "2461"]
[BlackElo "2283"]
[WhiteFideId "13601458"]
[BlackFideId "13601440"]
[EventDate "2016.12.29"]

1. d4 Nf6 2. c4 g6 3. Nc3 Bg7 4. e4 O-O 5. Nf3 c5 6. d5 e6 7. Bd3 exd5 8. cxd5
d6 9. O-O Re8 10. h3 a6 11. a4 Nbd7 12. Bf4 Qc7 13. Rc1 Rb8 14. Re1 Nh5 15. Bh2
Ne5 16. Be2 Qe7 17. Nxe5 Bxe5 18. Bxh5 Bxh2+ 19. Kxh2 Qe5+ 20. Kg1 gxh5 21. Qf3
h4 22. Nd1 f5 23. Nc3 f4 24. Kh2 Re7 25. Rg1 Rf7 26. b3 Bd7 27. Rb1 Kh8 28. b4
c4 29. b5 a5 30. Ne2 Rg8 31. Kh1 Re8 32. Qc3 f3 33. Qxe5+ Rxe5 34. gxf3 Rxf3 35.
Kg2 Rxh3 36. f3 Rg5+ 37. Kf2 Rh2+ 38. Ke3 Rgg2 39. Rxg2 Rxg2 40. Rh1 h3 41. Nf4
Ra2 42. Nxh3 Ra3+ 43. Kd4 c3 44. Ng5 c2 45. Nf7+ Kg7 46. Nxd6 Rxa4+ 47. Kc3 Ra3+
48. Kxc2 Rxf3 49. e5 Rf2+ 50. Kc3 Re2 51. Kd4 a4 52. e6 Bxe6 53. dxe6 Rxe6 54.
Nxb7 Rb6 55. Kc5 Rxb7 56. Kc6 Rf7 1-0

[Event "World Blitz Women 2016"]
[Site "Doha QAT"]
[Date "2016.12.29"]
[Round "6.11"]
[White "Zhukova, Natalia"]
[Black "Sviridova, Vlada"]
[Result "1-0"]
[WhiteTitle "GM"]
[BlackTitle "WFM"]
[WhiteElo "2440"]
[BlackElo "2144"]
[WhiteFideId "14101513"]
[BlackFideId "24109606"]
[EventDate "2016.12.29"]

1. d4 d5 2. Nf3 Nf6 3. Bf4 e6 4. e3 c5 5. Nbd2 Nc6 6. c3 Bd6 7. Bg3 O-O 8. Bb5
cxd4 9. exd4 Qc7 10. Bxd6 Qxd6 11. O-O Bd7 12. Bd3 Rfe8 13. Re1 e5 14. dxe5 Nxe5
15. Rxe5 Rxe5 16. Nc4 dxc4 17. Bxh7+ Kxh7 18. Qxd6 Rd5 19. Qf4 Bg4 20. Ne5 Bh5
21. Nxc4 Rad8 22. h3 Bg6 23. Re1 b5 24. Ne5 Rd2 25. Qh4+ Kg8 26. Nc6 Rd1 27.
Ne7+ Kf8 28. Qh8+ Ng8 29. Qxg8# 1-0

[Event "World Blitz Women 2016"]
[Site "Doha QAT"]
[Date "2016.12.29"]
[Round "6.13"]
[White "Khademalsharieh, Sarasadat"]
[Black "Dzagnidze, Nana"]
[Result "1-0"]
[WhiteTitle "IM"]
[BlackTitle "GM"]
[WhiteElo "2438"]
[BlackElo "2520"]
[WhiteFideId "12512214"]
[BlackFideId "13601903"]
[EventDate "2016.12.29"]

1. d4 Nf6 2. c4 e6 3. Nf3 b6 4. g3 Ba6 5. Nbd2 d5 6. Bg2 Bd6 7. O-O O-O 8. b3 c5
9. Bb2 Nbd7 10. Rc1 Re8 11. Ne5 Rc8 12. e3 cxd4 13. exd4 Nf8 14. Re1 Bb7 15. f4
Ba8 16. Qe2 Bb4 17. a3 Bxd2 18. Qxd2 dxc4 19. bxc4 Ng6 20. Red1 Bxg2 21. Qxg2
Qe7 22. Nc6 Qb7 23. d5 Ng4 24. Qf3 exd5 25. cxd5 Ne3 26. Rd3 Nf5 27. Rcd1 f6 28.
h4 Nge7 29. Nxe7+ Rxe7 30. R1d2 Rd7 31. Qg4 Nh6 32. Qe6+ Nf7 33. h5 Rd6 34. Qg4
Rcd8 35. Qf3 h6 36. Kg2 Re8 37. a4 Qd7 38. Ba3 Qxa4 39. Bxd6 Nxd6 40. Ra3 Qb4
41. Rc2 a5 42. Rb3 Qd4 43. Rd3 Qa4 44. Rc6 Nf5 45. Re6 Qc2+ 46. Kh3 Rd8 47. Re2
Qb1 48. Red2 Nd6 49. Rb3 Qc1 50. Rd1 Qc5 51. Rc3 Qb5 52. Qe3 Kh8 53. Rb3 Qd7+
54. Kg2 Qf5 55. Qxb6 Nf7 56. Qf2 Rxd5 57. Rb8+ Kh7 58. Rxd5 Qxd5+ 59. Qf3 Qd2+
60. Kh3 Qd7+ 61. Qg4 Qxg4+ 62. Kxg4 Nd6 63. Ra8 Nc4 64. Kf5 Ne3+ 65. Ke6 Nf1 66.
g4 Nh2 67. Kf5 Nf3 68. Rxa5 Nd4+ 69. Ke4 Ne6 70. Rd5 Kg8 71. Rd6 Nc5+ 72. Kf5
Kf7 73. Rc6 Nd3 74. Rc7+ Kg8 75. Rc3 Nf2 76. Kg6 Kf8 77. Rc8+ Ke7 78. Rc7+ Ke6
79. g5 fxg5 80. fxg5 hxg5 81. Rxg7 g4 82. h6 Ne4 1-0

[Event "World Blitz Women 2016"]
[Site "Doha QAT"]
[Date "2016.12.29"]
[Round "6.14"]
[White "Purtseladze, Maka"]
[Black "Gaponenko, Inna"]
[Result "0-1"]
[WhiteTitle "IM"]
[BlackTitle "IM"]
[WhiteElo "2347"]
[BlackElo "2411"]
[WhiteFideId "13602659"]
[BlackFideId "14101181"]
[EventDate "2016.12.29"]

1. Nf3 d5 2. b3 c6 3. Bb2 Bg4 4. e3 Nd7 5. Be2 Ngf6 6. O-O Qc7 7. h3 Bh5 8. c4
e6 9. Nc3 Bd6 10. cxd5 exd5 11. Nd4 Bxe2 12. Qxe2 O-O 13. Nf5 Rfe8 14. Nxd6 Qxd6
15. d4 Re6 16. a4 Rae8 17. Ba3 Qb8 18. a5 Ne4 19. Nxe4 Rxe4 20. Qc2 a6 21. Rae1
R4e6 22. Bc1 Qd8 23. Bd2 Nf6 24. f3 Nh5 25. g4 Nf6 26. Qf5 Qe7 27. b4 Nd7 28.
Kg2 Nf8 29. Rf2 Ng6 30. Kg1 Rf6 31. Qd3 Qc7 32. Rg2 Rxf3 33. Rf1 Rxh3 34. Qf5
Qe7 0-1

[Event "World Blitz Women 2016"]
[Site "Doha QAT"]
[Date "2016.12.29"]
[Round "6.16"]
[White "Hallaeva, Bahar"]
[Black "Geldiyeva, Mahri"]
[Result "1-0"]
[WhiteTitle "WFM"]
[BlackTitle "WGM"]
[WhiteElo "2112"]
[BlackElo "2220"]
[WhiteFideId "14000679"]
[BlackFideId "14000059"]
[EventDate "2016.12.29"]

1. e4 e6 2. d4 d5 3. e5 c5 4. c3 Nc6 5. Nf3 Qb6 6. a3 Bd7 7. b4 cxb4 8. cxb4 a5
9. b5 Na7 10. a4 Bb4+ 11. Bd2 Bxd2+ 12. Nbxd2 Nc8 13. Nb3 Nh6 14. Bd3 O-O 15.
Rc1 f6 16. exf6 gxf6 17. Qc2 f5 18. Ne5 Be8 19. Nc5 Nd6 20. Nxe6 Rc8 21. Nc5 Ne4
22. O-O Qd6 23. Qa2 Bf7 24. Nxf7 Rxf7 25. Nxe4 fxe4 26. Rxc8+ Kg7 27. Be2 Nf5
28. Qd2 Qf6 29. Rc5 Nxd4 30. Rxd5 Nf5 31. Rd7 b6 32. Rxf7+ Kxf7 33. Qd7+ Kg6 34.
Bg4 Nd4 35. Qd5 Nc2 36. Qxe4+ 1-0

[Event "World Blitz Women 2016"]
[Site "Doha QAT"]
[Date "2016.12.29"]
[Round "6.17"]
[White "Ovezdurdiyeva, Jemal"]
[Black "Krivec, Jana"]
[Result "1-0"]
[WhiteTitle "WFM"]
[BlackTitle "WGM"]
[WhiteElo "2080"]
[BlackElo "2264"]
[WhiteFideId "14001888"]
[BlackFideId "14601982"]
[EventDate "2016.12.29"]

1. d4 d5 2. c4 dxc4 3. e3 e5 4. Bxc4 exd4 5. exd4 Bb4+ 6. Nc3 Nc6 7. Ne2 Nge7 8.
O-O O-O 9. Be3 Bd6 10. Ng3 Nf5 11. Nxf5 Bxf5 12. Bd3 Qh4 13. g3 Qh3 14. Ne4 h6
15. Nxd6 cxd6 16. Bxf5 Qxf5 17. Rc1 Qb5 18. Qd2 Rac8 19. Rc3 Na5 20. Rfc1 Rc6
21. d5 Rxc3 22. Rxc3 a6 23. b3 Re8 24. a4 Qb4 25. Qc2 b5 26. axb5 axb5 27. Bd2
Qa3 28. Rf3 Qa1+ 29. Kg2 Qa3 30. Qc7 Rf8 31. Qxa5 Qb2 32. Qc3 Qa2 33. Rf4 b4 34.
Qe3 g5 35. Rf6 Qb2 36. Rxh6 Qg7 37. Rxd6 f5 38. Qxg5 1-0

[Event "World Blitz Women 2016"]
[Site "Doha QAT"]
[Date "2016.12.29"]
[Round "7.1"]
[White "Harika, Dronavalli"]
[Black "Lagno, Kateryna"]
[Result "1/2-1/2"]
[WhiteTitle "GM"]
[BlackTitle "GM"]
[WhiteElo "2543"]
[BlackElo "2530"]
[WhiteFideId "5015197"]
[BlackFideId "14109336"]
[EventDate "2016.12.29"]

1. d4 Nf6 2. Nf3 g6 3. Bg5 Bg7 4. Nbd2 c5 5. e3 O-O 6. Bd3 d5 7. c3 b6 8. Qe2
Bb7 9. h4 h5 10. Ne5 Ne4 11. Nxe4 dxe4 12. Bc4 Qd6 13. g4 cxd4 14. exd4 e3 15.
Rf1 Bxe5 16. dxe5 Qd2+ 17. Qxd2 exd2+ 18. Kxd2 Nc6 19. gxh5 Nxe5 20. Be2 Nf3+
21. Ke3 Nxg5 22. hxg5 gxh5 23. Bxh5 Kg7 24. Rad1 Rh8 25. Bg4 Bc6 26. Rg1 Kg6 27.
f4 Rh2 28. f5+ Kg7 29. f6+ Kf8 30. Bd7 Bxd7 31. Rxd7 Re8 32. Kd3 exf6 33. gxf6
Rf2 34. Rd6 Rxb2 35. Rh1 Kg8 36. Rg1+ Kf8 37. Rh1 Kg8 38. Rd4 Rg2 39. Rdh4 Rd8+
40. Kc4 Rc8+ 41. Kb3 Kf8 42. Rh8+ Rg8 43. Rxg8+ Kxg8 44. Rg1+ Kf8 45. Rh1 Kg8
46. Rg1+ Kf8 47. Rh1 1/2-1/2

[Event "World Blitz Women 2016"]
[Site "Doha QAT"]
[Date "2016.12.29"]
[Round "7.4"]
[White "Koneru, Humpy"]
[Black "Tan, Zhongyi"]
[Result "1-0"]
[WhiteTitle "GM"]
[BlackTitle "WGM"]
[WhiteElo "2557"]
[BlackElo "2496"]
[WhiteFideId "5008123"]
[BlackFideId "8603642"]
[EventDate "2016.12.29"]

1. d4 c5 2. d5 e5 3. c4 d6 4. Nc3 f5 5. e4 Nf6 6. Bd3 f4 7. g3 fxg3 8. hxg3 Be7
9. f3 Nbd7 10. Be3 Nf8 11. Qd2 Bd7 12. Nh3 h6 13. Nf2 Qc7 14. Be2 O-O-O 15.
O-O-O Kb8 16. Kb1 a6 17. Rh2 Bc8 18. f4 Rg8 19. fxe5 dxe5 20. Rf1 Bd6 21. Nd3
Bg4 22. Bxh6 Bxe2 23. Qxe2 N8d7 24. Bg5 Rdf8 25. a3 Qb6 26. Ka2 Ka8 27. Be3 Qc7
28. Rhf2 Rh8 29. g4 Re8 30. g5 Nh5 31. Qg4 Qc8 32. Rf7 Nb8 33. Qxc8 Rxc8 34. Na4
Ka7 35. Naxc5 Bxc5 36. Nxc5 Ka8 37. Nxb7 Ng3 38. Nd6 Nc6 1-0

[Event "World Blitz Women 2016"]
[Site "Doha QAT"]
[Date "2016.12.29"]
[Round "7.6"]
[White "Abdumalik, Zhansaya"]
[Black "Javakhishvili, Lela"]
[Result "1-0"]
[WhiteTitle "WGM"]
[BlackTitle "IM"]
[WhiteElo "2405"]
[BlackElo "2461"]
[WhiteFideId "13703544"]
[BlackFideId "13601458"]
[EventDate "2016.12.29"]

1. e4 c5 2. Nf3 Nc6 3. d4 cxd4 4. Nxd4 e5 5. Nb5 a6 6. Nd6+ Bxd6 7. Qxd6 Qf6 8.
Qa3 Nge7 9. Be3 Rb8 10. Nd2 b5 11. g3 d5 12. exd5 Nxd5 13. Bc5 Nd4 14. Rc1 Bf5
15. Bg2 Qc6 16. Bxd4 exd4 17. O-O b4 18. Qf3 Be6 19. Nb3 Qb6 20. Rcd1 O-O 21.
Nxd4 Nf6 22. Nxe6 Qxe6 23. Qb3 Qxb3 24. axb3 Rfc8 25. Rd2 Rc7 26. Rfd1 g6 27.
Bf1 a5 28. Ra1 Rc5 29. Bc4 Rb7 30. f3 Nd7 31. f4 Rbc7 32. Kf2 Nb6 33. Bd3 Nd5
34. Re2 Kg7 35. Rae1 Nf6 36. Kf3 h5 37. h3 Rd7 38. Re5 Rdd5 39. Rxd5 Rxd5 40.
Re7 Nd7 41. Bc4 Rd2 42. Rxf7+ Kh6 43. g4 hxg4+ 44. hxg4 g5 45. fxg5+ Kxg5 46.
Rf5+ Kh6 47. Rd5 Rxd5 48. Bxd5 Kg5 49. Be6 Nc5 50. Bd5 a4 51. bxa4 Nxa4 52. b3
Nb6 53. Be6 Na8 54. Ke4 Nc7 55. Bf5 Nb5 56. Kd5 Nc3+ 57. Kc4 Na2 58. Bd7 Kf4 59.
Bf5 Kg5 60. Kd3 Kf4 61. Kd4 Kg5 62. Ke5 Nc3 63. Bd7 Na2 64. Ke4 Nc3+ 65. Kd3 Na2
66. Kd2 Kf4 67. Be6 Kg5 68. Kd3 Kf4 69. Bf5 Kg5 70. Kc4 Kf4 71. c3 bxc3 72. Kd3
Kg5 73. Be6 Kf6 74. Bd7 Kg5 75. Kc2 Kf4 76. Bf5 Kg5 77. Kd3 Kf4 78. Kc4 Kg5 79.
Kb5 Kf4 80. Ka4 Kg5 81. Ka3 Nc1 82. b4 Ne2 1-0

[Event "World Blitz Women 2016"]
[Site "Doha QAT"]
[Date "2016.12.29"]
[Round "7.7"]
[White "Gaponenko, Inna"]
[Black "Goryachkina, Aleksandra"]
[Result "1/2-1/2"]
[WhiteTitle "IM"]
[BlackTitle "WGM"]
[WhiteElo "2411"]
[BlackElo "2466"]
[WhiteFideId "14101181"]
[BlackFideId "4147103"]
[EventDate "2016.12.29"]

1. e4 e6 2. d4 d5 3. exd5 exd5 4. Nf3 Nf6 5. Bd3 Be7 6. O-O O-O 7. c4 dxc4 8.
Bxc4 Nbd7 9. Nc3 Nb6 10. Bb3 c6 11. Ne5 Nbd5 12. Qf3 Be6 13. Re1 a5 14. Bd2 Nc7
15. Rad1 Bxb3 16. axb3 Ne6 17. Be3 Nd5 18. Ne4 Nxe3 19. Qxe3 Nc7 20. Nc5 Nd5 21.
Qf3 Bxc5 22. dxc5 a4 23. Nc4 axb3 24. Nb6 Ra2 25. Nxd5 cxd5 26. Rxd5 Qa5 27.
Red1 Rxb2 28. c6 Qb6 29. cxb7 Qxb7 30. Qd3 Qb6 31. Qf3 h6 32. Rd6 Qc7 33. Rd7
Qc2 34. R7d2 Qxd2 35. Rxd2 Rxd2 36. Qxb3 Rfd8 37. h3 Re2 38. Qa4 Rdd2 39. Qa8+
Kh7 40. Qb7 Rxf2 41. Qe4+ g6 42. Qe7 Rxg2+ 43. Kf1 Rgf2+ 44. Kg1 Rde2 45. Qd7
Rg2+ 46. Kh1 Rh2+ 47. Kg1 Reg2+ 48. Kf1 Rf2+ 49. Kg1 Rhg2+ 50. Kh1 h5 51. Qe7
Rh2+ 52. Kg1 Rfg2+ 53. Kf1 Rf2+ 54. Kg1 Rhg2+ 55. Kh1 Kg7 56. Qe5+ Kg8 57. Qe8+
Kh7 58. Qe7 Kg7 59. Qe5+ Kg8 60. Qe8+ Kh7 1/2-1/2

[Event "World Blitz Women 2016"]
[Site "Doha QAT"]
[Date "2016.12.29"]
[Round "7.8"]
[White "Batsiashvili, Nino"]
[Black "Gunina, Valentina"]
[Result "0-1"]
[WhiteTitle "IM"]
[BlackTitle "GM"]
[WhiteElo "2482"]
[BlackElo "2525"]
[WhiteFideId "13602993"]
[BlackFideId "4167570"]
[EventDate "2016.12.29"]

1. d4 Nf6 2. Bf4 d5 3. e3 c5 4. Nc3 a6 5. dxc5 Nc6 6. Nf3 Bg4 7. Be2 e6 8. Na4
Bxc5 9. Nxc5 Qa5+ 10. c3 Qxc5 11. O-O Bxf3 12. Bxf3 O-O 13. Bg5 Ne4 14. Bh4 Ne5
15. Be2 Nc4 16. Qd4 Qxd4 17. cxd4 Rfc8 18. f3 Ned6 19. Bg3 Nf5 20. Bxc4 Rxc4 21.
Bf2 Rc2 22. Rab1 Rac8 23. Rfd1 f6 24. Kf1 Kf7 25. Re1 Rd2 26. Re2 Rxe2 27. Kxe2
Rc2+ 28. Kf1 h5 29. a4 Ke8 30. b4 Kd7 31. a5 Nd6 32. h4 Kc6 33. g4 g6 34. Bg3
Nc4 35. Re1 Nd2+ 36. Ke2 Ne4+ 37. Kd1 Rg2 38. fxe4 Rxg3 39. gxh5 gxh5 40. Rf1
Rxe3 41. exd5+ Kxd5 42. Rxf6 Re4 43. Kc2 Rxd4 44. Kc3 Rxh4 45. Rf7 Kc6 46. Re7
Re4 47. Kd3 Rxb4 48. Rxe6+ Kb5 49. Re5+ Ka4 50. Rxh5 Rb5 51. Rh7 Kxa5 52. Kc4
Rb4+ 53. Kc3 b5 54. Rh1 Rg4 55. Ra1+ Kb6 56. Rf1 Rg3+ 57. Kb2 Rg6 58. Rf8 a5 59.
Rb8+ Kc5 60. Rc8+ Kb4 61. Rc2 a4 62. Rf2 Rg4 63. Ka2 Rd4 64. Rb2+ Kc5 65. Rc2+
Kd5 66. Ka3 Rh4 67. Rb2 Kc5 68. Rc2+ Rc4 69. Rg2 Rc3+ 70. Kb2 Kb4 71. Rg4+ Rc4
72. Rg3 Rh4 73. Rg2 a3+ 74. Ka2 Ka4 75. Rg8 Rh2+ 76. Kb1 b4 77. Rg3 Rd2 78. Rf3
Kb5 79. Rf5+ Kc4 80. Rf4+ Kc3 81. Rf3+ Rd3 82. Rf1 b3 83. Rc1+ Kd2 84. Rh1 Re3
85. Rh2+ Re2 0-1

[Event "World Blitz Women 2016"]
[Site "Doha QAT"]
[Date "2016.12.29"]
[Round "7.9"]
[White "Zhukova, Natalia"]
[Black "Kashlinskaya, Alina"]
[Result "0-1"]
[WhiteTitle "GM"]
[BlackTitle "IM"]
[WhiteElo "2440"]
[BlackElo "2429"]
[WhiteFideId "14101513"]
[BlackFideId "4198026"]
[EventDate "2016.12.29"]

1. d4 Nf6 2. Nf3 g6 3. c4 Bg7 4. Nc3 O-O 5. e4 d6 6. Be2 Nbd7 7. O-O e5 8. Re1
Re8 9. Bf1 exd4 10. Nxd4 a6 11. f3 Rb8 12. Be3 Ne5 13. Qc2 c5 14. Nb3 Be6 15.
Rad1 Nxc4 16. Bxc5 Qc7 17. Bf2 Rbc8 18. Nd4 Bd7 19. Rc1 b5 20. a3 Bh6 21. Rcd1
Nxb2 22. Qxb2 Qxc3 23. Qa2 Bg7 24. Ne2 Qc7 25. Bg3 Be6 26. Qb1 Red8 27. Nf4 Bc4
28. Bh4 g5 29. e5 dxe5 30. Bxg5 exf4 31. Rxd8+ Rxd8 32. Qf5 Bxf1 33. Bxf4 Qc4
34. Rxf1 Rd5 35. Be5 Qc5+ 0-1

[Event "World Blitz Women 2016"]
[Site "Doha QAT"]
[Date "2016.12.29"]
[Round "7.10"]
[White "Zhu, Chen"]
[Black "Khademalsharieh, Sarasadat"]
[Result "0-1"]
[WhiteTitle "GM"]
[BlackTitle "IM"]
[WhiteElo "2419"]
[BlackElo "2438"]
[WhiteFideId "8600546"]
[BlackFideId "12512214"]
[EventDate "2016.12.29"]

1. d4 Nf6 2. c4 e6 3. Nf3 b6 4. g3 Bb7 5. Bg2 Bb4+ 6. Bd2 a5 7. O-O O-O 8. Bf4
Be7 9. Qc2 Be4 10. Qc1 d6 11. Nc3 Bb7 12. Qc2 Nbd7 13. Rad1 Qc8 14. e4 Rd8 15.
h4 Nf8 16. Bc1 N6d7 17. Bh3 Qb8 18. d5 Nc5 19. Nd4 Bf6 20. b3 Bxd4 21. Rxd4 c6
22. dxc6 Bxc6 23. Bg2 Qb7 24. Re1 f5 25. f3 e5 26. Rdd1 fxe4 27. Nxe4 Nxe4 28.
fxe4 Ne6 29. Be3 Nc5 30. Bg5 Rd7 31. Rd2 h6 32. Be3 Rf8 33. Bf2 Rdf7 34. Bxc5
dxc5 35. Qc3 Qe7 36. Qe3 Qe6 37. Kh2 Rd7 38. Red1 Rfd8 39. Rxd7 Rxd7 40. Rxd7
Qxd7 41. Bh3 Qd4 42. Qxd4 exd4 43. Bg2 Kf7 44. Kg1 Ke6 45. Kf2 Ke5 46. Ke2 Bxe4
47. Bh3 Bb1 48. a3 Ba2 49. b4 Bxc4+ 50. Kd2 axb4 51. axb4 Bd5 52. bxc5 bxc5 53.
Bf1 c4 54. Be2 c3+ 55. Kd3 Be4+ 0-1

[Event "World Blitz Women 2016"]
[Site "Doha QAT"]
[Date "2016.12.29"]
[Round "7.11"]
[White "Saduakassova, Dinara"]
[Black "Charochkina, Daria"]
[Result "0-1"]
[WhiteTitle "WGM"]
[BlackTitle "IM"]
[WhiteElo "2428"]
[BlackElo "2383"]
[WhiteFideId "13700090"]
[BlackFideId "4180917"]
[EventDate "2016.12.29"]

1. d4 f5 2. g3 Nf6 3. Nf3 e6 4. Bg2 d5 5. O-O c6 6. c4 Bd6 7. b3 O-O 8. Ba3 b6
9. Qc2 Bb7 10. Bxd6 Qxd6 11. Nc3 Nbd7 12. Rfd1 Rac8 13. Qb2 Ne4 14. Rac1 Qe7 15.
Na4 dxc4 16. bxc4 c5 17. dxc5 Ndxc5 18. Nxc5 Rxc5 19. Nd2 Nxd2 20. Qxd2 Bxg2 21.
Kxg2 Rfc8 22. Qd7 Qxd7 23. Rxd7 R8c7 24. Rxc7 Rxc7 25. Kf3 Kf7 26. e4 Kf6 27.
Ke3 Rc5 28. f4 e5 29. exf5 Kxf5 30. fxe5 Kxe5 31. Rf1 Rxc4 32. Rf7 Rc3+ 33. Kf2
Rc2+ 34. Kf3 Rxa2 35. Rxg7 Rxh2 36. Rxa7 Kd5 37. Kf4 b5 38. g4 b4 39. g5 b3 40.
Rb7 Kc4 41. Kf5 Kc3 42. Rb6 b2 43. Kf6 Kc2 44. Rc6+ Kb1 45. Rb6 Rh3 46. Kg7 Kc2
47. Rc6+ Rc3 48. Rb6 Rb3 49. Rc6+ Kd3 50. Rd6+ Ke4 51. Rd1 b1=Q 52. Rxb1 Rxb1
53. Kxh7 Kf5 54. g6 Rh1+ 55. Kg7 Rg1 0-1